Welcome to the Holygrace Academy Library

Please use search bar below to get started

SYNCHRO DESTINY (Record no. 2319)

MARC details
000 -LEADER
fixed length control field 00630nam a22001577a 4500
020 ## - INTERNATIONAL STANDARD BOOK NUMBER
ISBN 978-1-84-413219-5
082 ## - DEWEY DECIMAL CLASSIFICATION NUMBER
Classification number 823
Item number CHO/S
100 ## - MAIN ENTRY--AUTHOR NAME
Personal name CHOPRA,DEEPAK
245 ## - TITLE STATEMENT
Title SYNCHRO DESTINY
250 ## - EDITION STATEMENT
Edition statement FIRST
260 ## - PUBLICATION, DISTRIBUTION, ETC. (IMPRINT)
Place of publication USA
Name of publisher HARMONY BOOKS
Year of publication 2003
300 ## - PHYSICAL DESCRIPTION
Number of Pages 302
520 ## - SUMMARY, ETC.
Summary, etc He reveals how, through understanding the forces that shape coincidences, you can learn to live at a deeper level and access the flow of synchronicity that lies at the heart of existence. You can start to transform your life through full-contact living, in which all things will be within your reach.
650 ## - SUBJECT ADDED ENTRY--TOPICAL TERM
Topical Term NOVEL ENGLISH
Geographic subdivision USA
942 ## - ADDED ENTRY ELEMENTS (KOHA)
Koha item type Books
Holdings
Withdrawn status Lost status Collection code Home library Current library Shelving location Date acquired Source of acquisition Full call number Accession Number Koha item type
    Fiction Main Library Main Library SHELF-2-D ENGLIAH NOVELS FOR TEACHERS 14/08/2013 PURCHASE 823 CHO/S 07564 Books